000 01393nam a2200337 c 4500
003 BLK
005 20250723172356.0
008 180408b bul|||||r ||||||| ||bul||
010 _aKNG00073829000
020 _a978-954-321-309-2
_bиздат.: Изток-Запад
040 _aBLK
041 _aBUL
_cBUL
080 _aИспанска литература
_b821.134.2
_x-31
_z821.134.2-31
100 1 _aРуис Сафон, Карлос
_eпърви автор
_9277638
700 1 _aХристова, Светла
_eпрев. от исп.
_9364864
139 _aРуис Сафон, Карлос
_bР 91
245 1 0 _aСянката на вятъра
_bРоман
_cКарлос Руис Сафон; прев. от исп. Светла Христова.
257 _aSPA
260 София
_bИзток-Запад
_c2007
300 _a458 с.
_c22 см
380 _aX
490 1 _aБестселърите на ХХІ век
500 _aОриг. загл. La sombra del viento / Carlos Ruiz Zafon. - Офс. изд. Кн. 1 от цъкъла Гробището на забравените книги.
653 _aромани
852 _aЦб 233012
856 4 _qpdf
_u
856 4 _qpdf
_u
942 _cKNG
_n0
_058
944 _aCR
_c05.04.2007
_k30530
_lМинев Младен
944 _aED
_c17.12.2017
_kВиолета_Тройчева
999 _c69482
_d69482